Score 0/30 Timer 03:00
0 Plays Today
Film Title Missing Word % Correct
The Thin Red ____Line
93.9%
The Man Who Knew Too ______Little
92.4%
The ____ KingLion
92.2%
10 Items or ____Less
88.7%
The ____ Before TimeLand
88.3%
______ WeaponLethal
85.7%
I Now Pronounce You Chuck & _____Larry
83.6%
28 Weeks _____Later
83.4%
The _______ YardLongest
82.4%
____ StoryLove
78.6%
_______ to KillLicence
78%
Cool Hand ____Luke
77.4%
A ______ of Their OwnLeague
76.5%
The ____ StarfighterLast
70%
True ____Lies
68.8%
Film Title Missing Word % Correct
_____ Number SlevinLucky
65%
_______ from Iwo JimaLetters
63.4%
_______ Las VegasLeaving
63.3%
The ____ of David GaleLife
61.1%
The Big ________Lebowski
60.6%
Pan's _________Labyrinth
58.7%
_______ of the FallLegends
54.3%
The Blue ______Lagoon
52.5%
____ of AttractionLaws
51.5%
The Portrait of a ____Lady
48.9%
The Invention of _____Lying
47.7%
____ HorizonLost
46.6%
______ 49Ladder
43.3%
_____ CakeLayer
37.1%
____ of WarLord
28.4%

Today's Daily Dose

Remove Ads.
Support Sporcle.
Get the best of Sporcle when you Go Orange. This ad-free experience offers more features, more stats, and more fun while also helping to support Sporcle. Thank you for becoming a member.

You're not logged in!

Compare scores with friends on all Sporcle quizzes.
OR
Log In

Show Comments

Extras

Top Quizzes Today


Score Distribution

Your Account Isn't Verified!

In order to create a playlist on Sporcle, you need to verify the email address you used during registration. Go to your Sporcle Settings to finish the process.

Report this User

Report this user for behavior that violates our Community Guidelines.

Details: